LEADER 00898nam a2200241 a 4500 001 991000080169707536 008 090219s2002 it 000 0 ita d 020 $a888349041X 035 $ab13811757-39ule_inst 040 $aSet. Economia - SEMS$bita 082 0 $a914.57504 100 1 $aGregorovius, Ferdinand $034151 245 10$aIn Puglia /$cFerdinand Gregorovius ; presentazione di Alessandro Laporta 260 $aLecce :$bCapone,$cstampa 2002 300 $a174 p. :$bill. ;$c21 cm 651 4$aPuglia$xDescrizioni e viaggi 700 1 $aLaporta , Alessandro 907 $a.b13811757$b19-02-09$c19-02-09 912 $a991000080169707536 945 $aLE025 ECO 914.5 GRE01.01$g1$i2025000112742$lle025$nCatalogato 2018$o-$pE0.00$q-$rl$s- $t0$u0$v0$w0$x0$y.i14932854$z19-02-09 996 $aIn Puglia$91225852 997 $aUNISALENTO 998 $ale025$b19-02-09$cm$da $e-$fita$git $h0$i0 LEADER 01469nam 2200409 450 001 9910795894603321 005 20230922211526.0 010 $a84-1377-895-6 035 $a(MiAaPQ)EBC29195685 035 $a(Au-PeEL)EBL29195685 035 $a(CKB)21547508200041 035 $a(EXLCZ)9921547508200041 100 $a20230922d2021 uy 0 101 0 $aspa 135 $aurcnu|||||||| 181 $ctxt$2rdacontent 182 $cc$2rdamedia 183 $acr$2rdacarrier 200 10$aPalabras Entre la Igualdad y la Diversidad $eReplanteamientos Sobre Sexualidad y Ge?nero en el a?mbito de la Filologi?a y la Dida?ctica /$fJaime Puig Guisado [and three others] editores 205 $aFirst edition. 210 1$aMadrid :$cDykinson, S.L.,$d[2021] 210 4$d©2021 215 $a1 online resource (203 pages) 311 08$aPrint version: Puig Guisado, Jaime Palabras Entre la Igualdad y la Diversidad: Replanteamientos Sobre Sexualidad y Género en el ámbito de la Filología y la Didáctica Madrid : Dykinson, S.L.,c2021 606 $aHomosexuality and education 606 $aWomen$xEducation 615 0$aHomosexuality and education. 615 0$aWomen$xEducation. 676 $a371.8266 700 $aPuig Guisado$b Jaime$01542787 801 0$bMiAaPQ 801 1$bMiAaPQ 801 2$bMiAaPQ 906 $aBOOK 912 $a9910795894603321 996 $aPalabras Entre la Igualdad y la Diversidad$93795825 997 $aUNINA